Statistics for Bing Suggestions

Click here to take the quiz!

General Stats

  • This quiz has been taken 14 times
  • The average score is 4 of 12

Answer Stats

HintAnswer% Correct
Are aliens __?real
86%
Why is Canada so __?cold
71%
Why did Russia invade ____?Ukraine
71%
What will happen if Yellowstone ___?erupts
43%
Which country has three ___ __?capital cities
29%
How hard are ____?Diamonds
29%
What if wars never _____?happened
29%
What is my __?ip
29%
Which countries are in __?NATO
14%
How did Spain rule its ____ ____?colonies differently
0%
What if China _____?disappeared
0%
What is another name for ___ _?Vitamin C
0%

Score Distribution

Percentile by Number Answered

Percent of People with Each Score

Your Score History

You have not taken this quiz